Irak'ta silahlı gruplar (Record no. 5692)

MARC details
000 -BAŞLIK
Sabit Uzunlukta Kontrol Alanı 00881na a2200265 4500
001 - KONTROL NUMARASI
Denetim Alanı 18755
003 - KONTROL NUMARASI IDENTIFIER
Denetim Alanı MIRAKIL
005 - SON İŞLEM TARİHİ VE ZAMANI
Denetim Alanı 20181213155044.0
008 - SABİT-BOY VERİ ELEMANLARI - GENEL BİLGİLER
Sabit Uzunlukta Kontrol Alanı 161126b tu 000 0
035 ## - SİSTEM KONTROL NUMARASI
Sistem Kontrol Numarası 18755
040 ## - KATALOGLAMA KAYNAK
Orijinal Kataloglama Ajansı Milas
Kataloglama Dili tur
Metne Dönüştürmek Ajansı TR-AnCHP
041 ## - DİL KODU
Metin / Ses Parça Veya Ayrı Başlığın Dil Kodu tur
082 ## - DEWEY ONLU SINIFLANDIRMA NUMARASI
Sınıflandırma Numarası 355.209567
Ürün Numarası I62 2010
090 ## - SINIFLAMA NUMARASI
Sınıflama Numarası 355.209567 I62 2010
245 ## - BAŞLIK TABLOSU
Başlık Irak'ta silahlı gruplar
Sorumluluk Tablosu, Vb haz. M. Can Kasapoğlu...[ve öte.]
260 ## - YAYIN, DAĞITIM, VB
Yayın, Dağıtım, Vb Yeri İstanbul
Yayıncı, Dağıtıcı, Vs Adı Bahçeşehir Üniversitesi Uluslararası Güvenlik ve Stratejik Araştırmalar Merkezi
Yayın, Dağıtım, Vb Tarihi 2010
300 ## - FİZİKSEL TANIM
Kapsam iv, 45 s.
Diğer Fiziksel Ayrıntıları res.,hrt.,tbl.;
Boyutlar 29 sm.
504 ## - KAYNAKÇA VB NOT
Kaynakça Vb Notu Kaynakça var
610 ## - KONU KATMA GİRİŞ - TOPLANTI ADI
Giriş Elemanı Olarak Kurumsal Ad Veya Yargı Alanı Adı Bahçeşehir Üniversitesi
Alt Birim Uluslararası Güvenlik ve Stratejik Araştırmalar Merkezi
650 ## - KONU KATMA GİRİŞ - TOPİKAL DÖNEM
Topikal Süreli Veya Coğrafi Ad Giriş Elemanı Silahlı gruplar
650 ## - KONU KATMA GİRİŞ - TOPİKAL DÖNEM
Topikal Süreli Veya Coğrafi Ad Giriş Elemanı Askeri kaynaklar
651 ## - KONU KATMA GİRİŞ - COĞRAFİ ADI
Coğrafi İsim Irak
Genel Alt Bölümü silahlı gruplar
700 ## - KATMA GİRİŞ - KİŞİSEL İSİM
Kişisel Ad haz.Kasapoğlu, M. Can
942 ## - EKLENDİ GİRİŞ ELEMANLARI (KOHA)
Sınıflandırma Veya Raf Düzeni Kaynak
Koha Öğesi Türü Books
999 ## - SİSTEM KONTROL NUMARALARI (KOHA)
Koha Biblionumber 5692
Koha Biblioitemnumber 5692
Holdings
Kalıcı Konum Mevcut Konum Edinme Tarihi Edinim Kaynak Toplam Check-Out'Lar Tam Çağrı Numarası Barkod Tarih Son Görülme İtibaren Geçerli Fiyatlar Koha Öğesi Türü
CHP Kütüphanesi CHP Kütüphanesi 11/26/2016 Bağış   355.209567 I62 2010 009983 11/26/2016 11/26/2016 Books